Himalaya (Record no. 104619)
| 000 -LEADER | |
|---|---|
| fixed length control field | 00554nam a2200193Ia 4500 |
| 003 - CONTROL NUMBER IDENTIFIER | |
| control field | LDD |
| 008 - FIXED-LENGTH DATA ELEMENTS--GENERAL INFORMATION | |
| fixed length control field | 181029s9999 xx 000 0 und d |
| 020 ## - INTERNATIONAL STANDARD BOOK NUMBER | |
| International Standard Book Number | 9788189304140 |
| Terms of availability | 1995.00 |
| 040 ## - CATALOGING SOURCE | |
| Transcribing agency | LDD |
| 100 ## - MAIN ENTRY--PERSONAL NAME | |
| Personal name | Saklani, P. S. |
| 245 #0 - TITLE STATEMENT | |
| Title | Himalaya |
| Remainder of title | geological aspects |
| Statement of responsibility, etc. | P. S. Saklani |
| 260 ## - PUBLICATION, DISTRIBUTION, ETC. | |
| Place of publication, distribution, etc. | Delhi |
| Name of publisher, distributor, etc. | Aatish Serial Publishing House |
| Date of publication, distribution, etc. | 2006 |
| 300 ## - PHYSICAL DESCRIPTION | |
| Extent | 5v. |
| 365 ## - TRADE PRICE | |
| Price amount | 1995.00 |
| 901 ## - LOCAL DATA ELEMENT A, LDA (RLIN) | |
| a | 9502 |
| b | 03-12-2012 |
| 902 ## - LOCAL DATA ELEMENT B, LDB (RLIN) | |
| a | 4593 |
| b | 12-12-2012 |
| c | F |
| d | PUJA |
| e | GEO |
| 903 ## - LOCAL DATA ELEMENT C, LDC (RLIN) | |
| a | Discount-15 |
| b | Reqst by : Omkar Verma |
| 942 ## - ADDED ENTRY ELEMENTS (KOHA) | |
| Source of classification or shelving scheme | Dewey Decimal Classification |
| Koha item type | Books |
| Withdrawn status | Lost status | Source of classification or shelving scheme | Damaged status | Not for loan | Home library | Current library | Total Checkouts | Full call number | Barcode | Date last seen | Price effective from | Koha item type |
|---|---|---|---|---|---|---|---|---|---|---|---|---|
| No | Dewey Decimal Classification | Library and Documentation Division | Library and Documentation Division | R 555.496 H57 | 087953 | 11/01/2018 | 11/01/2018 | Books |
